Statistics for Cities Beginning With "O" Map Quiz

Click here to take the quiz!

General Stats

  • This quiz has been taken 66 times
  • The average score is 11 of 20

Answer Stats

City % Correct
Oslo
100%
Orlando
93%
Ottawa
93%
Osaka
92%
Ouagadougou
79%
Odessa
77%
Oxford
75%
Oklahoma City
75%
Oakland
69%
Oran
62%
Orléans
57%
Omsk
52%
Oaxaca
51%
Oulu
38%
Ostrava
30%
Örebro
21%
Onitsha
20%
Osh
20%
Odense
18%
Osijek
16%

Score Distribution

Percentile by Number Answered

Percent of People with Each Score

Your Score History

You have not taken this quiz